Puzzles de Matemática (Registo nº 201553)

Detalhes MARC
000 -Etiqueta do registo
Valores 00760nam 22002413 4500
010 ## - Número ISBN
ISBN 972-710-154-2
021 ## - Número do Depósito Legal
Código do país Portugal
Número 104 673/96
100 ## - Dados gerais de processamento
Dados gerais 20260327d u||y0pory50 ba
101 ## - Língua de publicação
Língua Português
200 ## - Titulo e menção de responsabilidade
Título próprio Puzzles de Matemática
Primeira menção de responsabilidade Brian Bolt
Outras menções de responsabilidade Ilustração de Harry Venning ; Tradução de Liliana Costa
210 ## - Publicação
Local de publicação Lisboa
Nome do editor Terramar Editores
Data de publicação 1996
215 ## - Descrição física 
Paginação / Volumes 129, [3] p. : il.
Outras indicações físicas Brochado
Dimensões 25 cm
304 ## - Nota relativa ao título
Texto de nota Tít. orig.: Mathematical Cavalcade<br/>
606 ## - Nome comum usado como assunto
ID Autoridade 1432
Palavra de ordem Matemática
610 ## - Termos não controlados
Palavra de ordem Textos pedagógicos
675 ## - CDU
Notação 51(075)/BOL/PUZ
Edição PT
Língua por
700 ## - Autor principal (pessoa individual)
ID Autoridade 15591
Apelido Bolt
Nome Brian
702 ## - Autor secundário (pessoa individual)
ID Autoridade 16997
Apelido Venning
Nome Harry
801 ## - Fonte de origem
País PT
Agência BMMN
Regras de catalogação RPC
830 ## - Notas gerais do catalogador
Criado por Carlos Pinto
Data de criação 27-03-2026
Indexado por Carlos Pinto
990 ## - Elementos KOHA
Tipo de documento Livro
Exemplares
Situação do levantamento Biblioteca de origem Código de barras Cota Permissão de empréstimo Tipo de documento Forma de aquisição
  Escola Secundária de Montemor-o-Novo 30896 51(075)/BOL/PUZ   Livro Oferta

Powered by Koha